When the Mango tree blossomed: (Record no. 31306)
[ view plain ]
| 000 -LEADER | |
|---|---|
| fixed length control field | 00788nam a22002297a 4500 |
| 001 - CONTROL NUMBER | |
| control field | 31306 |
| 005 - DATE AND TIME OF LATEST TRANSACTION | |
| control field | 20240531020003.0 |
| 008 - FIXED-LENGTH DATA ELEMENTS--GENERAL INFORMATION | |
| fixed length control field | 2305302022 bg |||||||| |||| 00| 0 eng d |
| 020 ## - INTERNATIONAL STANDARD BOOK NUMBER | |
| ISBN | 9789849385332 |
| 040 ## - CATALOGING SOURCE | |
| Original cataloging agency | BD-DhIUB |
| Transcribing agency | BD-DhIUB |
| Modifying agency | BD-DhIUB |
| 082 ## - DEWEY DECIMAL CLASSIFICATION NUMBER | |
| Edition number | 22 |
| Classification number | 808.831 |
| Item number | W5671 |
| 245 ## - TITLE STATEMENT | |
| Title | When the Mango tree blossomed: |
| Remainder of title | fifty short stories from Bangladesh/ |
| Statement of responsibility, etc | Edited by Niaz Zaman |
| 250 ## - EDITION STATEMENT | |
| Edition statement | 2nd ed. |
| Remainder of edition statement | 1st ed 2021 |
| 260 ## - PUBLICATION, DISTRIBUTION, ETC. (IMPRINT) | |
| Place of publication, distribution, etc | Dhaka: |
| Name of publisher, distributor, etc | Nymphea Publications, |
| Date of publication, distribution, etc | 2022 |
| 300 ## - PHYSICAL DESCRIPTION | |
| Extent | 744 p;. |
| Dimensions | 25cm |
| 526 ## - STUDY PROGRAM INFORMATION NOTE | |
| School name | Library |
| Shelving Location | Liberation War Shelves |
| 650 #0 - SUBJECT ADDED ENTRY--TOPICAL TERM | |
| Topical term or geographic name as entry element | Short Stories |
| Geographic subdivision | Bangladesh. |
| 9 (RLIN) | 3869 |
| 650 #0 - SUBJECT ADDED ENTRY--TOPICAL TERM | |
| Topical term or geographic name as entry element | Short stories, Bengali |
| Form subdivision | Translations into English. |
| 9 (RLIN) | 3940 |
| 651 #0 - SUBJECT ADDED ENTRY--GEOGRAPHIC NAME | |
| Geographic name | Bangladesh |
| General subdivision | History |
| -- | Personal narratives |
| Chronological subdivision | Revolution, 1971 |
| 9 (RLIN) | 4070 |
| 700 ## - ADDED ENTRY--PERSONAL NAME | |
| Personal name | Zaman, Niaz |
| 9 (RLIN) | 747 |
| 942 ## - ADDED ENTRY ELEMENTS (KOHA) | |
| Source of classification or shelving scheme | Dewey Decimal Classification |
| Koha item type | Books |
| Koha issues (borrowed), all copies | 2 |
| Withdrawn status | Lost status | Source of classification or shelving scheme | Damaged status | Not for loan | Home library | Current library | Shelving location | Date acquired | Source of acquisition | Serial Enumeration / chronology | Total Checkouts | Full call number | Barcode | Date last seen | Copy number | Price effective from | Koha item type | Date checked out | Collection code |
|---|---|---|---|---|---|---|---|---|---|---|---|---|---|---|---|---|---|---|---|
| Dewey Decimal Classification | Library, Independent University, Bangladesh (IUB) | Library, Independent University, Bangladesh (IUB) | Pink Shelf | 01/03/2023 | Gift / Donation | 2022 | 808.831 W5671 | G000245 | 30/05/2023 | 01 | 30/05/2023 | Books | |||||||
| Dewey Decimal Classification | Library, Independent University, Bangladesh (IUB) | Library, Independent University, Bangladesh (IUB) | Pink Shelf | 01/03/2023 | Gift / Donation | 2022 | 1 | 808.831 W5671 | G000244 | 19/10/2023 | 02 | 30/05/2023 | Books | 18/10/2023 | |||||
| Dewey Decimal Classification | Library, Independent University, Bangladesh (IUB) | Library, Independent University, Bangladesh (IUB) | General Stacks | 11/09/2023 | Gift / Donation | 2022 | 1 | 808.831 W5671 | G000368 | 09/06/2024 | 01 | 20/09/2023 | Books | 30/05/2024 | Fiction |